| 000 | 00369 a2200157 4500 | ||
|---|---|---|---|
| 001 | 169268 | ||
| 020 | _a | ||
| 040 | _cMagnum | ||
| 100 | _aSeber, Maria da Gloria | ||
| 240 | 1 | 0 |
_aA escrita infantil: o caminho da construcao _lpor |
| 245 | 1 | 0 | _aA escrita infantil: o caminho da construcao |
| 362 | 0 | _a1899 | |
| 440 | 1 | _aScipione | |
| 697 | _aENSINO | ||
| 942 | _cBK | ||
| 999 |
_c169268 _d169268 |
||